000 00633nam a22001937a 4500
003 JO-AjAnu
005 20251012130120.0
008 251012b jo ||||| |||| 00| 0 ara d
020 _a978-9992-531-13-6
022 _a902/2/2020
040 _aANU
_cJO-AjAnu
041 _hARA
100 _aجلال، المردني علي محمد
_eمؤلف
_966765
245 _aالموسوعة الفنية لكرة القدم /
_cتاليف المردني علي محمد جلال
260 _aعمان :
_bدار اليازوري،
_c2022
300 _a205 صفحة
650 _vكرة القدم- موسوعات
942 _2lcc
_cREF
_n0
999 _c34054
_d34054